<?xml version="1.0" encoding="UTF-8"?>
<record
    xmlns:xsi="http://www.w3.org/2001/XMLSchema-instance"
    xsi:schemaLocation="http://www.loc.gov/MARC21/slim http://www.loc.gov/standards/marcxml/schema/MARC21slim.xsd"
    xmlns="http://www.loc.gov/MARC21/slim">

  <leader>00391nam a22001697a 4500</leader>
  <controlfield tag="003">OSt</controlfield>
  <controlfield tag="008">220716b           ||||| |||| 00| 0 eng d</controlfield>
  <datafield tag="020" ind1=" " ind2=" ">
    <subfield code="a">9780367200848</subfield>
  </datafield>
  <datafield tag="082" ind1=" " ind2=" ">
    <subfield code="a">301 TAS</subfield>
  </datafield>
  <datafield tag="100" ind1=" " ind2=" ">
    <subfield code="a">Taylor, Kevin</subfield>
  </datafield>
  <datafield tag="245" ind1=" " ind2=" ">
    <subfield code="a">Sociology for Pharmacists</subfield>
  </datafield>
  <datafield tag="250" ind1=" " ind2=" ">
    <subfield code="a">2nd</subfield>
  </datafield>
  <datafield tag="260" ind1=" " ind2=" ">
    <subfield code="a">New Delhi</subfield>
    <subfield code="b">CRC Press</subfield>
    <subfield code="c">2018</subfield>
  </datafield>
  <datafield tag="300" ind1=" " ind2=" ">
    <subfield code="a">190</subfield>
  </datafield>
  <datafield tag="650" ind1=" " ind2=" ">
    <subfield code="a">Pharmacy Practice</subfield>
  </datafield>
  <datafield tag="942" ind1=" " ind2=" ">
    <subfield code="2">ddc</subfield>
    <subfield code="c">BK</subfield>
  </datafield>
  <datafield tag="999" ind1=" " ind2=" ">
    <subfield code="c">11451</subfield>
    <subfield code="d">11451</subfield>
  </datafield>
  <datafield tag="952" ind1=" " ind2=" ">
    <subfield code="0">0</subfield>
    <subfield code="1">0</subfield>
    <subfield code="2">ddc</subfield>
    <subfield code="4">0</subfield>
    <subfield code="7">0</subfield>
    <subfield code="8">BP</subfield>
    <subfield code="a">PIET</subfield>
    <subfield code="b">PIET</subfield>
    <subfield code="d">2022-07-16</subfield>
    <subfield code="e">B.S.P Books Pvt.Ltd	</subfield>
    <subfield code="f">Indian Rup</subfield>
    <subfield code="g">395.00</subfield>
    <subfield code="k">45532</subfield>
    <subfield code="l">0</subfield>
    <subfield code="o">301 TAS</subfield>
    <subfield code="p">BP1841</subfield>
    <subfield code="r">2022-07-16 00:00:00</subfield>
    <subfield code="v">276.50</subfield>
    <subfield code="w">2022-07-02</subfield>
    <subfield code="y">REF</subfield>
  </datafield>
  <datafield tag="952" ind1=" " ind2=" ">
    <subfield code="0">0</subfield>
    <subfield code="1">0</subfield>
    <subfield code="2">ddc</subfield>
    <subfield code="4">0</subfield>
    <subfield code="7">0</subfield>
    <subfield code="8">BP</subfield>
    <subfield code="a">PIET</subfield>
    <subfield code="b">PIET</subfield>
    <subfield code="d">2022-07-16</subfield>
    <subfield code="e">B.S.P Books Pvt.Ltd	</subfield>
    <subfield code="f">Indian Rup</subfield>
    <subfield code="g">395.00</subfield>
    <subfield code="k">45532</subfield>
    <subfield code="l">0</subfield>
    <subfield code="o">301 TAS</subfield>
    <subfield code="p">BP1842</subfield>
    <subfield code="r">2022-07-16 00:00:00</subfield>
    <subfield code="v">276.50</subfield>
    <subfield code="w">2022-07-02</subfield>
    <subfield code="y">BK</subfield>
  </datafield>
  <datafield tag="952" ind1=" " ind2=" ">
    <subfield code="0">0</subfield>
    <subfield code="1">0</subfield>
    <subfield code="2">ddc</subfield>
    <subfield code="4">0</subfield>
    <subfield code="7">0</subfield>
    <subfield code="8">BP</subfield>
    <subfield code="a">PIET</subfield>
    <subfield code="b">PIET</subfield>
    <subfield code="d">2022-07-16</subfield>
    <subfield code="e">B.S.P Books Pvt.Ltd	</subfield>
    <subfield code="f">Indian Rup</subfield>
    <subfield code="g">395.00</subfield>
    <subfield code="k">45532</subfield>
    <subfield code="l">0</subfield>
    <subfield code="o">301 TAS</subfield>
    <subfield code="p">BP1843</subfield>
    <subfield code="r">2022-07-16 00:00:00</subfield>
    <subfield code="v">276.50</subfield>
    <subfield code="w">2022-07-02</subfield>
    <subfield code="y">BK</subfield>
  </datafield>
  <datafield tag="952" ind1=" " ind2=" ">
    <subfield code="0">0</subfield>
    <subfield code="1">0</subfield>
    <subfield code="2">ddc</subfield>
    <subfield code="4">0</subfield>
    <subfield code="7">0</subfield>
    <subfield code="8">BP</subfield>
    <subfield code="a">PIET</subfield>
    <subfield code="b">PIET</subfield>
    <subfield code="d">2022-07-16</subfield>
    <subfield code="e">B.S.P Books Pvt.Ltd	</subfield>
    <subfield code="f">Indian Rup</subfield>
    <subfield code="g">395.00</subfield>
    <subfield code="k">45532</subfield>
    <subfield code="l">0</subfield>
    <subfield code="o">301 TAS</subfield>
    <subfield code="p">BP1844</subfield>
    <subfield code="r">2022-07-16 00:00:00</subfield>
    <subfield code="v">276.50</subfield>
    <subfield code="w">2022-07-02</subfield>
    <subfield code="y">BK</subfield>
  </datafield>
  <datafield tag="952" ind1=" " ind2=" ">
    <subfield code="0">0</subfield>
    <subfield code="1">0</subfield>
    <subfield code="2">ddc</subfield>
    <subfield code="4">0</subfield>
    <subfield code="7">0</subfield>
    <subfield code="8">BP</subfield>
    <subfield code="a">PIET</subfield>
    <subfield code="b">PIET</subfield>
    <subfield code="d">2022-07-16</subfield>
    <subfield code="e">B.S.P Books Pvt.Ltd	</subfield>
    <subfield code="f">Indian Rup</subfield>
    <subfield code="g">395.00</subfield>
    <subfield code="k">45532</subfield>
    <subfield code="l">0</subfield>
    <subfield code="o">301 TAS</subfield>
    <subfield code="p">BP1845</subfield>
    <subfield code="r">2022-07-16 00:00:00</subfield>
    <subfield code="v">276.50</subfield>
    <subfield code="w">2022-07-02</subfield>
    <subfield code="y">BK</subfield>
  </datafield>
  <datafield tag="952" ind1=" " ind2=" ">
    <subfield code="0">0</subfield>
    <subfield code="1">0</subfield>
    <subfield code="2">ddc</subfield>
    <subfield code="4">0</subfield>
    <subfield code="7">0</subfield>
    <subfield code="8">BP</subfield>
    <subfield code="a">PIET</subfield>
    <subfield code="b">PIET</subfield>
    <subfield code="d">2022-07-16</subfield>
    <subfield code="e">B.S.P Books Pvt.Ltd	</subfield>
    <subfield code="f">Indian Rup</subfield>
    <subfield code="g">395.00</subfield>
    <subfield code="k">45532</subfield>
    <subfield code="l">0</subfield>
    <subfield code="o">301 TAS</subfield>
    <subfield code="p">BP1846</subfield>
    <subfield code="r">2022-07-16 00:00:00</subfield>
    <subfield code="v">276.50</subfield>
    <subfield code="w">2022-07-02</subfield>
    <subfield code="y">BK</subfield>
  </datafield>
  <datafield tag="952" ind1=" " ind2=" ">
    <subfield code="0">0</subfield>
    <subfield code="1">0</subfield>
    <subfield code="2">ddc</subfield>
    <subfield code="4">0</subfield>
    <subfield code="7">0</subfield>
    <subfield code="8">BP</subfield>
    <subfield code="a">PIET</subfield>
    <subfield code="b">PIET</subfield>
    <subfield code="d">2022-07-16</subfield>
    <subfield code="e">B.S.P Books Pvt.Ltd	</subfield>
    <subfield code="f">Indian Rup</subfield>
    <subfield code="g">395.00</subfield>
    <subfield code="k">45532</subfield>
    <subfield code="l">0</subfield>
    <subfield code="o">301 TAS</subfield>
    <subfield code="p">BP1847</subfield>
    <subfield code="r">2022-07-16 00:00:00</subfield>
    <subfield code="v">276.50</subfield>
    <subfield code="w">2022-07-02</subfield>
    <subfield code="y">BK</subfield>
  </datafield>
  <datafield tag="952" ind1=" " ind2=" ">
    <subfield code="0">0</subfield>
    <subfield code="1">0</subfield>
    <subfield code="2">ddc</subfield>
    <subfield code="4">0</subfield>
    <subfield code="7">0</subfield>
    <subfield code="8">BP</subfield>
    <subfield code="a">PIET</subfield>
    <subfield code="b">PIET</subfield>
    <subfield code="d">2022-07-16</subfield>
    <subfield code="e">B.S.P Books Pvt.Ltd	</subfield>
    <subfield code="f">Indian Rup</subfield>
    <subfield code="g">395.00</subfield>
    <subfield code="k">45532</subfield>
    <subfield code="l">0</subfield>
    <subfield code="o">301 TAS</subfield>
    <subfield code="p">BP1848</subfield>
    <subfield code="r">2022-07-16 00:00:00</subfield>
    <subfield code="v">276.50</subfield>
    <subfield code="w">2022-07-02</subfield>
    <subfield code="y">BK</subfield>
  </datafield>
  <datafield tag="952" ind1=" " ind2=" ">
    <subfield code="0">0</subfield>
    <subfield code="1">0</subfield>
    <subfield code="2">ddc</subfield>
    <subfield code="4">0</subfield>
    <subfield code="7">0</subfield>
    <subfield code="8">BP</subfield>
    <subfield code="a">PIET</subfield>
    <subfield code="b">PIET</subfield>
    <subfield code="d">2022-07-16</subfield>
    <subfield code="e">B.S.P Books Pvt.Ltd	</subfield>
    <subfield code="f">Indian Rup</subfield>
    <subfield code="g">395.00</subfield>
    <subfield code="k">45532</subfield>
    <subfield code="l">0</subfield>
    <subfield code="o">301 TAS</subfield>
    <subfield code="p">BP1849</subfield>
    <subfield code="r">2022-07-16 00:00:00</subfield>
    <subfield code="v">276.50</subfield>
    <subfield code="w">2022-07-02</subfield>
    <subfield code="y">BK</subfield>
  </datafield>
  <datafield tag="952" ind1=" " ind2=" ">
    <subfield code="0">0</subfield>
    <subfield code="1">0</subfield>
    <subfield code="2">ddc</subfield>
    <subfield code="4">0</subfield>
    <subfield code="7">0</subfield>
    <subfield code="8">BP</subfield>
    <subfield code="a">PIET</subfield>
    <subfield code="b">PIET</subfield>
    <subfield code="d">2022-07-16</subfield>
    <subfield code="e">B.S.P Books Pvt.Ltd	</subfield>
    <subfield code="f">Indian Rup</subfield>
    <subfield code="g">395.00</subfield>
    <subfield code="k">45532</subfield>
    <subfield code="l">0</subfield>
    <subfield code="o">301 TAS</subfield>
    <subfield code="p">BP1850</subfield>
    <subfield code="r">2022-07-16 00:00:00</subfield>
    <subfield code="v">276.50</subfield>
    <subfield code="w">2022-07-02</subfield>
    <subfield code="y">BK</subfield>
  </datafield>
</record>
